000 01255 a2200241 4500
001 15214
005 20260407155449.0
008 260407a2007 arg spa d
003 AR-UNSa-BCEJYS
040 _aAR-UNSa-BCEJYS
_bspa
_cAR-UNSa-BCEJYS
080 _a331.567
_xConsecuencias del desempleo. Medidas para combatir las consecuencias del desempleo
245 1 0 _aPolíticas y programas de protección al desempleo en Argentina
020 _a978-92-2-320952-0
264 1 _aBuenos Aires :
_bOficina Internacional del Trabajo
_c2007
300 _a186 p.
_c22 cm.
505 _a1. El desempleo en la Argentina - 2. Aspectos conceptuales: definiciones, clasificación de políticas y programas, y evaluación - 3. Los programas de protección al desempleo en la Argentina - 4. Evaluación de los principales programas - 5. Conclusiones y desafíos para las políticas públicas de protección al desempleo
942 _cBK
590 _aniveau_biblio:m niveau_hierar:0
100 1 _aBertranou, Fabio M.
700 1 _aPaz, Jorge Augusto
700 1 _aOficina Internacional del Trabajo
856 4 1 _uhttps://biblioeco.unsa.edu.ar/pmb/images/libros/Politicas y programa de proteccion al desempleo en argentina2-l119018.jpg
_yImagen de portada
_qimage/jpeg
999 _c639
_d639